De département à préfecture - Statistiques

Statistiques générales
  • Ce quiz a été pris 44 fois
  • Le résultat moyen est 12 sur 15
Statistiques - réponses
Département Préfecture % Correct
Haute-Corse Bastia
97%
Haute-Garonne Toulouse
95%
Finistère Quimper
92%
Doubs Besançon
85%
Somme Amiens
82%
Nièvre Nevers
82%
Vaucluse Avignon
79%
Landes Mont-de-Marsan
79%
Indre-et-Loire Tours
79%
Orne Alençon
74%
Charente Angoulême
74%
Cantal Aurillac
74%
Creuse Guéret
74%
Hauts-de-Seine Nanterre
72%
Marne Châlons-en-Champagne
54%
Aucun quiz correspondant
Distribution des résultats
% des personnes avec chaque résultat
Percentile par nombre de réponses
Votre historique - résultats
Vous n’avez pas pris ce quiz